000 00467nam a22001697a 4500
005 20250125110342.0
008 250125b |||||||| |||| 00| 0 eng d
020 _a9780314915368
050 _aHQ536
_bCOX
100 _aCox, Frank D.
245 _aFamily living;
_bRelationships and Decisions
260 _aLincolnwood
_bNational Textbook Company
_cc1994
300 _aviii, 487p;
_bill.;
500 _aincludes index
700 _aCanada, Carol
942 _2lcc
_cBK
_n0
999 _c3066
_d3066